[Event "14th ch-EUR Ind w"]
[Site "Belgrade SRB"]
[Date "2013.07.28"]
[Round "6.59"]
[White "Utiatskaja,Irina"]
[Black "Srebrnic,A"]
[Result "1/2-1/2"]
[WhiteElo "2047"]
[BlackElo "2203"]

1.e4 d6 2.d4 Nf6 3.Nc3 e5 4.Nf3 Nbd7 5.Bc4 Be7 6.O-O O-O 7.a4 c6 8.Re1 b6
9.Bg5 Qc7 10.Bxf6 Nxf6 11.d5 cxd5 12.Bxd5 Rb8 13.Qe2 Nh5 14.Nxe5 dxe5 15.Qxh5 Bc5
16.Nb5 Qe7 17.c3 g6 18.Qe2 a6 19.Na3 Qg5 20.Kh1 Qh4 21.Rf1 Bg4 22.f3 Bd7
23.b4 Be7 24.Nc4 Qh5 25.g4 Qg5 26.Qd2 Qxd2 27.Nxd2 Bg5 28.Nc4 Bf4 29.Rfd1 Kg7
30.Nd6 f6 31.a5 b5 32.Bb7 f5 33.gxf5 gxf5 34.Rg1+ Kh8 35.Bd5 fxe4 36.fxe4 Be8
37.Raf1 Bg6 38.Rg2 Rfd8 39.Nf7+ Bxf7 40.Bxf7 Rbc8 41.Rc2 Rd3 42.c4 bxc4 43.Be6 Rb8
44.Bxc4 Rd2 45.Rxd2 Bxd2 46.Bxa6 Bxb4 47.Rb1 Bd6 48.Bb7 Bc5 49.Rc1 Be3 50.Rc7 Rg8
51.h3 Rg1+ 52.Kh2 Ra1 53.a6 Ra3 54.Bc8 Bd4 55.Kg2 h6 56.Kf1 Ra2 57.Ke1 Be3
58.h4 h5 59.Kf1 Rf2+ 60.Ke1 Ra2 61.Rd7 Bf2+ 62.Kd1 Bxh4 63.a7 Bf2 64.Ba6 Bxa7
65.Rxa7 h4 66.Ra8+ Kh7 67.Ra7+ Kg6 68.Ra8 Kh7 69.Ra7+ Kg6 70.Ra8 h3 71.Rg8+ Kh7
72.Rg3 Ra1+ 73.Kd2 h2 74.Rh3+ Kg6 75.Bf1 Rxf1 76.Rxh2 Kg5 77.Ke3 Rg1 78.Rh8 Rg3+
79.Kf2 Ra3  1/2-1/2

[Event "65th ch-MNE 2013"]
[Site "Cetinje SRB"]
[Date "2013.07.28"]
[Round "9.8"]
[White "Mitric,N"]
[Black "Mrsevic,M"]
[Result "0-1"]
[WhiteElo "1978"]
[BlackElo "2298"]

1.e4 d6 2.d4 Nf6 3.Nc3 e5 4.dxe5 dxe5 5.Qxd8+ Kxd8 6.Bg5 Nd7 7.Bc4 Ke8 8.O-O-O c6
9.Nf3 b5 10.Bd3 a5 11.Bxb5 cxb5 12.Nxb5 Ke7 13.Nd2 Nb6 14.f3 Bd7 15.Nc7 Rc8
16.Nd5+ Nxd5 17.exd5 Bf5 18.Ne4 Bxe4 19.fxe4 Kd6 20.Rhe1 Rc4 21.Bxf6 gxf6
22.b3 Rd4 23.c4 Rg8 24.Re2 Rg4 25.Rxd4 exd4 26.Kc2 Bh6 27.a3 Ke5 28.b4 Be3
29.c5 Kxe4 30.Kb3 Kxd5 31.Ka4 axb4 32.axb4 Rg8 33.Ka5 Kc4 34.c6 Ra8+ 35.Kb6 Kxb4
36.Kb7 Rg8 37.c7 f5 38.g3 Kc4 39.Ra2 Re8 40.c8=Q+ Rxc8 41.Kxc8 d3 42.Kd7 d2
43.Ra1 f4 44.gxf4 Bxf4 45.Ke7 Bxh2 46.Kxf7 Kd3 47.Kg7 Be5+  0-1

[Event "4th Terre degli Elimi"]
[Site "Erice ITA"]
[Date "2013.07.28"]
[Round "7"]
[White "Rudolf,An"]
[Black "Amato,A"]
[Result "1/2-1/2"]
[WhiteElo "2301"]
[BlackElo "2291"]

1.e4 d6 2.d4 Nf6 3.Nc3 e5 4.Nf3 Nbd7 5.Bc4 Be7 6.a4 O-O 7.O-O c6 8.a5 Rb8
9.h3 b5 10.axb6 axb6 11.b4 Bb7 12.Bb3 d5 13.exd5 Bxb4 14.Bb2 Bxc3 15.Bxc3 Nxd5
16.Bxd5 cxd5 17.dxe5 Qc7 18.Bb4 Nc5 19.Re1 Ra8 20.Rxa8 Rxa8 21.Nd4 Ne6 22.Nf5 d4
23.Qg4 Ra2 24.Nxd4 Nxd4 25.Qxd4 Rxc2 26.Rd1 h6 27.Qd8+ Kh7 28.Qxc7 Rxc7 29.Rd6 Rc1+
30.Kh2 Rb1 31.Rxb6 Bd5 32.Kg3 Rb3+ 33.f3 Rb2 34.Bc5 Rxb6 35.Bxb6 f6 36.Kf4 Kg6
37.h4 h5 38.Bc7 fxe5+ 39.Kxe5 Bb7 40.Bd8 Kf7 41.Kf5 g6+ 42.Kg5 Ba6 43.g4 hxg4
44.Kxg4 Bd3 45.Kg5 Bc2 46.f4 Bb1 47.Bf6 Bc2 48.Bd4 Bb1 49.f5 Bxf5 50.h5 gxh5
51.Kxf5  1/2-1/2

[Event "ch-AUT 2013"]
[Site "Feldkirch AUT"]
[Date "2013.07.28"]
[Round "9.18"]
[White "Kanonier,C"]
[Black "Maier,P"]
[Result "1/2-1/2"]
[WhiteElo "2110"]
[BlackElo "2195"]

1.e4 d6 2.d4 Nf6 3.Nc3 e5 4.dxe5 dxe5 5.Qxd8+ Kxd8 6.Bc4 Be6 7.Bxe6 fxe6
8.Bg5 Bd6 9.f3 Ke7 10.Nge2 Nd7 11.O-O-O a6 12.g4 h6 13.Bh4 g5 14.Bg3 Nf8
15.h4 Ng6 16.h5 Nf4 17.Nxf4 exf4 18.Bf2 Rhd8 19.a3 Nd7 20.Bd4 Ne5 21.Bxe5 Bxe5
22.Ne2 Rxd1+ 23.Rxd1 Rd8 24.c3 Rxd1+ 25.Kxd1 c5 26.Kc2 Kd6 27.b4 cxb4 28.cxb4 b5
29.Nc1 Bd4 30.Nb3 Bb6 31.Kd3 Be3  1/2-1/2

[Event "Politiken Cup 2013"]
[Site "Helsingor DEN"]
[Date "2013.07.28"]
[Round "3.17"]
[White "Louis,T"]
[Black "Kunin,V"]
[Result "0-1"]
[WhiteElo "2222"]
[BlackElo "2502"]

1.e4 d6 2.d4 Nf6 3.Nc3 Nbd7 4.f4 e5 5.Nf3 exd4 6.Qxd4 c6 7.Be3 d5 8.exd5 Bc5
9.Qd3 Qe7 10.Nd4 Nb6 11.d6 Bxd6 12.O-O-O Nbd5 13.Nxd5 Nxd5 14.Bd2 Bxf4 15.Bxf4 Nxf4
16.Qg3 Nh5 17.Qe1 Bg4 18.Qxe7+ Kxe7 19.Re1+ Kd6 20.Bc4 Rhf8 21.Rhf1 Nf6 22.h3 Bd7
23.Rd1 Kc7 24.g4 h6 25.Bd3 Rad8 26.Bf5 Be8 27.c4 c5 28.Ne2 Rxd1+ 29.Kxd1 Ba4+
30.b3 Rd8+ 31.Kc2 Bc6 32.Nc3 Re8 33.h4 Re7 34.g5 hxg5 35.hxg5 Ne8 36.Bg4 Nd6
37.Bf3 Re5 38.Bd5 Bxd5 39.Nxd5+ Kc6 40.g6 fxg6 41.Rf8 b5 42.Kd3 bxc4+ 43.bxc4 Nxc4
44.Kxc4 Re4+ 45.Kc3 Kxd5 46.Rf7 Re3+ 47.Kd2 Ra3 48.Rxg7 Rxa2+ 49.Kc3 Ra3+
50.Kd2 Ra6 51.Kc3 Ke4 52.Kc4 Kf4 53.Kb5 Rf6 54.Rxa7 Rf5 55.Kc4 g5 56.Ra1 g4  0-1

[Event "5th Rethymno Open"]
[Site "Rethymno GRE"]
[Date "2013.07.28"]
[Round "1.23"]
[White "Petrakis,Stylianos"]
[Black "Harestad,H"]
[Result "1-0"]
[WhiteElo "1552"]
[BlackElo "2318"]

1.e4 d6 2.d4 Nf6 3.Nc3 e5 4.dxe5 dxe5 5.Qxd8+ Kxd8 6.Nf3 Bd6 7.Bc4 Ke7 8.Bg5 c6
9.O-O-O Bc7 10.Rd2 Nd7 11.Rhd1 Nc5 12.h3 h6 13.Bxf6+ Kxf6 14.Nh2 Ba5 15.f3 Ke7
16.a3 b5 17.Ba2 Bc7 18.b4 Ne6 19.Ne2 a5 20.Kb2 axb4 21.axb4 c5 22.Nc3 Bd8
23.Ng4 cxb4 24.Nd5+ Ke8 25.Nxe5 Bb7 26.Nxb4 Bf6 27.Nd3 Ke7 28.Bxe6 fxe6 29.c3 Rhc8
30.Ng6+ Ke8 31.e5 Bg5 32.f4 Bd8 33.Nb4 Be4 34.f5 Bxf5 35.Nf4 Rc4 36.Nh5 Rc7
37.g4 Be4 38.Nf4 Ke7 39.Rd6 Rca7 40.Rxe6+ Kf7 41.Red6 Be7 42.Rd7 Rxd7 43.e6+ Kf6
44.exd7 Ke5 45.Nbd3+ Bxd3 46.Nxd3+ Kf6 47.Nf4 Bd8 48.Kb3 Ra4 49.Nd5+ Kg5
50.Nb4 Kh4 51.Rd3 h5 52.gxh5 Kxh5 53.Nc6  1-0

[Event "14th ch-EUR Ind w"]
[Site "Belgrade SRB"]
[Date "2013.07.29"]
[Round "7.35"]
[White "Olsarova,T"]
[Black "Kochetkova,J"]
[Result "1/2-1/2"]
[WhiteElo "2203"]
[BlackElo "2328"]

1.e4 d6 2.d4 Nf6 3.Nc3 e5 4.Nf3 Nbd7 5.Bc4 Be7 6.O-O O-O 7.Re1 c6 8.a4 a5
9.b3 h6 10.Bb2 Qc7 11.Qd2 Nh7 12.Nd1 Ng5 13.Qe2 Nxf3+ 14.Qxf3 exd4 15.Bxd4 Bf6
16.Bxf6 Nxf6 17.Ne3 Bd7 18.Nf5 Bxf5 19.Qxf5 Rae8 20.Bd3 Re5 21.Qh3 Rfe8 22.f4 R5e6
23.Qf3 Qe7 24.Rad1 Nxe4 25.Rxe4 Rxe4 26.Bxe4 Qxe4 27.Qxe4 Rxe4 28.Rxd6 Rxf4
29.Rd8+ Kh7 30.Rd7 b5 31.axb5 cxb5 32.Ra7 a4 33.g3 axb3 34.cxb3 Rf3 35.Kg2 Rxb3
36.Rxf7 Rb2+ 37.Kh3 Kg6 38.Rb7 h5 39.g4 hxg4+ 40.Kxg4 b4 41.Rb6+ Kh7 42.h4 b3
43.h5 Rb1 44.Kg3 Rg1+ 45.Kh2 Rg5 46.Rxb3 Kh6 47.Kh1 Kxh5 48.Rb1 Kg4 49.Rb4+ Kh3
50.Rb3+ Rg3 51.Rb1 g5 52.Ra1 g4 53.Rb1 Ra3 54.Kg1  1/2-1/2

[Event "Charleroi Open 2013"]
[Site "Charleroi BEL"]
[Date "2013.07.29"]
[Round "3.5"]
[White "Vandevoort,P"]
[Black "Barbier,Wim"]
[Result "1-0"]
[WhiteElo "2384"]
[BlackElo "2115"]

1.e4 d6 2.d4 Nf6 3.Nc3 e5 4.Nge2 Be7 5.g3 O-O 6.Bg2 c6 7.O-O b5 8.a3 a6 9.h3 Qc7
10.g4 c5 11.d5 Ne8 12.Ng3 g6 13.f4 exf4 14.Bxf4 Ra7 15.Bh6 Ng7 16.e5 Bh4
17.exd6 Qxd6 18.Nge4 Qe7 19.d6 Qe5 20.Qd5 Qd4+ 21.Qxd4 cxd4 22.Nd5 Rd8 23.Ne7+ Rxe7
24.dxe7 Bxe7 25.Bg5 Bxg5 26.Nxg5 f5 27.gxf5 Nxf5 28.Rf4 h6 29.Nf3 g5 30.Re4 Bb7
31.Re6 d3 32.cxd3 Bxf3 33.Bxf3 Nd4 34.Rg6+ Kf7 35.Be4 Ne2+ 36.Kh2 Rc8 37.Rb6 Nf4
38.Kg3 Nh5+ 39.Kf3 Nd7 40.Rb7 Ke6 41.Ke3 Rc2 42.Kd4 Nf4 43.Bf3 Nc5 44.Re1+ Kd6
45.Rb6+ Kd7 46.Rxh6 Nb3+ 47.Ke3 Rd2 48.Be4 Rxb2 49.h4 Ng2+ 50.Bxg2 Rxg2 51.hxg5 Rxg5
52.Rf1 Re5+ 53.Kf4 Re7 54.Rfh1 Nc5 55.R1h3 Ne6+ 56.Kg3 Nc5 57.Kf2 a5 58.Rb6 b4
59.axb4  1-0

[Event "Charleroi Open 2013"]
[Site "Charleroi BEL"]
[Date "2013.07.29"]
[Round "3.11"]
[White "Baguet,F"]
[Black "Le Quang,K"]
[Result "0-1"]
[WhiteElo "2014"]
[BlackElo "2242"]

1.d4 Nf6 2.Nc3 d6 3.e4 c6 4.f4 Qa5 5.Bd2 e5 6.fxe5 dxe5 7.Nd5 Qd8 8.Nxf6+ Qxf6
9.Nf3 exd4 10.Bg5 Qg6 11.Qxd4 Nd7 12.Bd3 Bc5 13.Qc3 h6 14.e5 Qe6 15.Bf4 a5
16.Qc4 Qxc4 17.Bxc4 Nb6 18.Bd3 Be6 19.a3 Ke7 20.Nd2 Nd5 21.Bg3 Ne3 22.Ne4 Nxg2+
23.Kd2 Be3+ 24.Kc3 Nf4 25.Bc4 Nd5+ 26.Kd3 Ba7 27.Rhf1 Ne3 28.Bxe6 Nxf1 29.Rxf1 Kxe6
30.Nd6 Rad8 31.b4 axb4 32.axb4 Rd7 33.c4 Bb8 34.c5 Bxd6 35.exd6 f6 36.Re1+ Kf7
37.Rb1 Ra8 38.Rb3 g5 39.Kc4 f5 40.Be5 f4 41.h4 Ke6  0-1

[Event "Sparkassen Open A 2013"]
[Site "Dortmund GER"]
[Date "2013.07.29"]
[Round "3.15"]
[White "Michalczak,T"]
[Black "Begna,B"]
[Result "1-0"]
[WhiteElo "2299"]
[BlackElo "2042"]

1.e4 d6 2.d4 Nf6 3.Nc3 e5 4.Nf3 Nbd7 5.Bc4 Be7 6.O-O O-O 7.a4 c6 8.h3 Qc7
9.Re1 b6 10.Ba2 Bb7 11.Nh4 exd4 12.Qxd4 Ne8 13.Nf5 Bf6 14.Qd3 Nc5 15.Qg3 Ne6
16.Be3 Kh8 17.Rad1 Rd8 18.Bc1 g6 19.Nh6 Bg7 20.Qh4 Bf6 21.Qg3 Qe7 22.Nd5 cxd5
23.exd5 Bh4 24.Qc3+ N8g7 25.dxe6 fxe6 26.Rxe6 Rxf2 27.Rxe7 Rxg2+ 28.Kh1 Rg8
29.Nf7+  1-0

[Event "Sparkassen Open A 2013"]
[Site "Dortmund GER"]
[Date "2013.07.30"]
[Round "4.15"]
[White "Simanowski,Mio"]
[Black "Schorra,H"]
[Result "1/2-1/2"]
[WhiteElo "1864"]
[BlackElo "2083"]

1.e4 d6 2.d4 Nf6 3.Nc3 e5 4.dxe5 dxe5 5.Qxd8+ Kxd8 6.Nf3 Bd6 7.Bc4 Ke8 8.Bg5 Nbd7
9.O-O-O a6 10.Rhe1 h6 11.Bh4 g5 12.Bg3 Nh5 13.Rd2 Nxg3 14.fxg3 Nb6 15.Bb3 Be6
16.Nd5 Bxd5 17.Bxd5 Nxd5 18.exd5 f6 19.Nd4 Kf7 20.Nf5 Bc5 21.d6 Kg6 22.Ne7+ Kf7
23.Nf5 cxd6 24.Nxd6+ Bxd6 25.Rxd6 Rhd8 26.Red1 Rxd6 27.Rxd6 Re8 28.g4 Re7
29.Kd2 Kg6 30.Ke3 Rc7 31.c3 Rc5 32.h3 Rc6 33.Rxc6 bxc6 34.b4 Kf7 35.Kd3 Ke6
36.Kc4 Kd6 37.a4 Kc7 38.Kc5 Kb7 39.a5 Kc7 40.c4 Kb7 41.b5 cxb5 42.cxb5 axb5
43.Kxb5 Ka7 44.a6  1/2-1/2

[Event "Politiken Cup 2013"]
[Site "Helsingor DEN"]
[Date "2013.07.30"]
[Round "5.48"]
[White "Petersen,M"]
[Black "Schou Moldt,T"]
[Result "1/2-1/2"]
[WhiteElo "2009"]
[BlackElo "2202"]

1.e4 d6 2.d4 Nf6 3.Nc3 c6 4.f4 Qa5 5.Bd3 e5 6.Nf3 Bg4 7.fxe5 dxe5 8.Be3 Nbd7
9.O-O exd4 10.Bxd4 Ne5 11.Bxe5 Bxf3 12.Rxf3 Qxe5 13.Rf5 Qd4+ 14.Kh1 g6 15.Nb5 Qd8
16.Rxf6 Qxf6 17.Nc7+ Kd7 18.Nxa8 Bd6 19.Qg4+ Qe6 20.Qxe6+ Kxe6 21.Nb6 axb6
22.a4 Be5 23.Rb1 f6 24.b3 Rd8  1/2-1/2

[Event "VIII Vladimir Dvorkovich Open"]
[Site "Taganrog RUS"]
[Date "2013.07.30"]
[Round "9.5"]
[White "Tsyhanchuk,S"]
[Black "Petrova,O"]
[Result "1-0"]
[WhiteElo "2412"]
[BlackElo "2227"]

1.e4 d6 2.d4 Nf6 3.Nc3 c6 4.a4 Qa5 5.f3 e5 6.Be3 Nbd7 7.Bc4 d5 8.exd5 cxd5
9.Bb5 e4 10.fxe4 dxe4 11.Ne2 a6 12.Bxd7+ Bxd7 13.O-O Bd6 14.Bf4 Qc7 15.Bxd6 Qxd6
16.Ng3 e3 17.Qd3 O-O 18.Qxe3 Rfe8 19.Qd3 Ng4 20.Nce4 Qh6 21.h3 Ne3 22.Rf3 Nd5
23.Raf1 Bxa4 24.c4 Nb6 25.Rxf7 Qe6 26.Ng5 Qh6 27.Nf5 Qxg5 28.Rxg7+ Qxg7 29.Nxg7 Kxg7
30.Qg3+  1-0

[Event "VIII Vladimir Dvorkovich Open"]
[Site "Taganrog RUS"]
[Date "2013.07.30"]
[Round "9.1"]
[White "Popov,Iv RUS"]
[Black "Khlian,E"]
[Result "1-0"]
[WhiteElo "2632"]
[BlackElo "2419"]

1.e4 d6 2.d4 Nf6 3.Nc3 e5 4.Nf3 Nbd7 5.Bc4 Be7 6.O-O c6 7.a4 O-O 8.Re1 Qc7
9.Ba2 a6 10.h3 b6 11.Bg5 h6 12.Be3 Kh7 13.Nh4 g6 14.Qd2 Ng8 15.Nf3 Bb7 16.Rad1 Rad8
17.Ne2 exd4 18.Qxd4 c5 19.Qd3 Bf6 20.Nf4 Ne7 21.Qxd6 Qxd6 22.Rxd6 Nc8 23.Rd2 Bxe4
24.Red1 Bc6 25.Bd5 Nb8 26.Bxf7 Bxf3 27.Bxg6+ Kh8 28.gxf3 Rxd2 29.Rxd2 Bxb2
30.Be4  1-0

[Event "100th ch-GBR 2013"]
[Site "Torquay ENG"]
[Date "2013.07.30"]
[Round "2.25"]
[White "Mordue,T"]
[Black "Ball,Laurence"]
[Result "1/2-1/2"]
[WhiteElo "2256"]
[BlackElo "2108"]

1.e4 d6 2.d4 Nf6 3.Nc3 e5 4.Nf3 exd4 5.Nxd4 g6 6.Bc4 Bg7 7.f3 a6 8.a4 O-O
9.O-O Nc6 10.Be3 Nxd4 11.Bxd4 Be6 12.Bxe6 fxe6 13.e5 Nd5 14.Nxd5 exd5 15.e6 c6
16.f4 Bxd4+ 17.Qxd4 Qf6 18.Qb6 Qxe6 19.Qxb7 Qc8 20.Qxc8  1/2-1/2

[Event "100th ch-GBR 2013"]
[Site "Torquay ENG"]
[Date "2013.07.30"]
[Round "2.16"]
[White "Lane,G"]
[Black "Shaw,P"]
[Result "1-0"]
[WhiteElo "2401"]
[BlackElo "2164"]

1.e4 d6 2.d4 Nf6 3.Nc3 c6 4.f4 Qa5 5.Bd3 e5 6.Nf3 exd4 7.Nxd4 g6 8.Nb3 Qc7
9.O-O Bg7 10.Qe1 O-O 11.Qh4 Nbd7 12.g4 b5 13.g5 b4 14.Ne2 c5 15.Nd2 d5 16.e5 Ne8
17.c4 bxc3 18.bxc3 Qa5 19.Rf3 Nxe5 20.fxe5 Bxe5 21.Nb3 Qc7 22.Nf4 Be6 23.Nxe6 fxe6
24.Rxf8+ Kxf8 25.Ba3 Bxc3 26.Rf1+ Kg8 27.Bxc5 Ng7 28.Rf3 Be5 29.Bd4 Nf5 30.Bxf5 gxf5
31.Rc3 Qg7 32.Re3 Bxd4 33.Nxd4 Re8 34.Nxe6 Qa1+ 35.Kf2 Qxa2+ 36.Re2 Qa1 37.Qh6 Rb8
38.g6 hxg6 39.Qxg6+ Kh8 40.Qh6+ Kg8 41.Qg5+ Kf7 42.Nd8+ Rxd8 43.Qe7+ Kg6
44.Re6+ Kh5 45.Qh7+ Kg4 46.h3+ Kf4 47.Qh6+  1-0

[Event "14th ch-EUR Ind w"]
[Site "Belgrade SRB"]
[Date "2013.07.31"]
[Round "8.58"]
[White "Isgandarova,K"]
[Black "Nonkovic,B"]
[Result "1-0"]
[WhiteElo "2219"]
[BlackElo "2081"]

1.e4 d6 2.d4 Nf6 3.Nc3 e5 4.Nf3 Nbd7 5.Bc4 Be7 6.O-O O-O 7.Re1 c6 8.a4 exd4
9.Nxd4 Ne5 10.Be2 Re8 11.f4 Ng6 12.g3 Bd7 13.Bf3 Qc7 14.a5 Rad8 15.Be3 b5
16.axb6 axb6 17.h4 b5 18.h5 Nf8 19.Nf5 Bxf5 20.exf5 d5 21.Bd4 Ne4 22.Bxe4 dxe4
23.Nxe4 Bc5 24.Nf6+ gxf6 25.Qg4+  1-0

[Event "14th ch-EUR Ind w"]
[Site "Belgrade SRB"]
[Date "2013.07.31"]
[Round "8.59"]
[White "Zivic,R"]
[Black "Srebrnic,A"]
[Result "0-1"]
[WhiteElo "2029"]
[BlackElo "2203"]

1.e4 d6 2.d4 Nf6 3.Nc3 e5 4.Nf3 Nbd7 5.Bc4 Be7 6.O-O O-O 7.Re1 a6 8.a4 b6
9.b3 Bb7 10.Bb2 c6 11.Bd3 g6 12.Qd2 Qc7 13.Ne2 Rfe8 14.Ng3 Bf8 15.Qg5 h6
16.Qd2 Bg7 17.c4 exd4 18.Nxd4 Ne5 19.Bc2 Nfd7 20.Ngf5 gxf5 21.Nxf5 Re6 22.Re3 Nxc4
23.bxc4 Bxb2 24.Rg3+ Kf8 25.Nxh6 Rae8 26.Rb1 Bf6 27.Nf5 Be5 28.f4 Bf6 29.Qe2 Rd8
30.Qh5 Ke8 31.c5 Nxc5 32.Rg8+ Kd7 33.Qxf7+ Kc8 34.Rxd8+ Bxd8 35.Qg8 Qd7 36.Rxb6 Kc7
37.Rb4 a5 38.Rd4 Re8 39.Qc4 Re6 40.e5 Ba6 41.Qc3 Nb7 42.Be4 Kb8 43.Bxc6 Qh7
44.Ne3 Bb6 45.Bxb7 Qb1+ 46.Kf2 Bxb7 47.Rxd6 Rxd6 48.exd6 Qe4 49.d7 Qxf4+
50.Ke1 Qxh2 51.Qc5 Qg3+ 52.Ke2 Ba6+ 53.Kd2 Bd8 54.Nc4 Qxg2+ 55.Kc3  0-1

[Event "14th ch-EUR Ind w"]
[Site "Belgrade SRB"]
[Date "2013.07.31"]
[Round "8.39"]
[White "Sandu,Mi"]
[Black "Bulmaga,I"]
[Result "1/2-1/2"]
[WhiteElo "2237"]
[BlackElo "2403"]

1.e4 d6 2.d4 Nf6 3.Nc3 e5 4.dxe5 dxe5 5.Qxd8+ Kxd8 6.Bc4 Be6 7.Bxe6 fxe6
8.f3 Bc5 9.Bg5 h6 10.O-O-O+ Nd7 11.Bd2 a6 12.Na4 Bd6 13.b3 b5 14.Nb2 Ke7
15.Ne2 Ba3 16.Nc3 Nb6 17.Nb1 Bxb2+ 18.Kxb2 c5 19.Be3 Nfd7 20.Rd2 Rhc8 21.Rhd1 Rc6
22.c3 c4 23.b4 a5 24.a3 axb4 25.axb4 Rc7 26.Rd6 Nc8 27.R6d2 Ncb6 28.Rd6 Nc8
29.R6d2 Ncb6 30.h4 Rca7 31.Kc1 Ra1 32.Rd6 R8a3 33.Bxb6 Nxb6 34.Rxb6 Rb3 35.Kd2 Rb2+
36.Ke3 Raxb1 37.Rxb1 Rxb1 38.Rxb5 Rd1 39.Rxe5 Rd3+ 40.Kf4 Rxc3 41.Rc5 Rc1
42.g4 c3 43.h5 Kf6 44.e5+ Kf7 45.Rc7+ Kf8 46.b5 c2 47.b6 Rb1 48.Rxc2 Rxb6
49.Rc8+ Kf7 50.Rc7+ Kf8 51.Rd7 Rb1 52.Rc7 Re1 53.Rc5 Kf7 54.Rc7+ Kf8 55.Rc4 Kf7
56.Re4 Ra1 57.Kg3 Ra3 58.Kf2 Ra2+ 59.Re2 Ra4 60.Rd2 Ke7 61.Rb2 Rc4 62.Rb7+ Kf8
63.Rb3 Ke7 64.Ke3 Ra4 65.f4 Rc4 66.Kf3 Rc1 67.Rb7+ Kf8 68.Rb6 Rc3+ 69.Ke4 Rc4+
70.Ke3 Rc3+ 71.Kd4 Rg3 72.Rxe6 Rxg4 73.Ke4 Rh4 74.Ra6 Rxh5 75.Ra8+ Ke7 76.f5 Rh1
77.Ra7+ Kf8 78.Kd5 h5 79.Ke6 Kg8 80.Ra8+ Kh7 81.f6 gxf6 82.exf6 Re1+ 83.Kf5 Rc1
84.Ke6 Re1+ 85.Kf7 Rb1 86.Re8 Rb7+ 87.Re7 Rb6 88.Ra7 Rb8 89.Ra5 Rb7+ 90.Ke6 Kg6
91.f7 Rxf7 92.Rxh5 Kxh5  1/2-1/2

[Event "Politiken Cup 2013"]
[Site "Helsingor DEN"]
[Date "2013.07.31"]
[Round "6.7"]
[White "Mikkelsen,N"]
[Black "Halkias,S"]
[Result "1/2-1/2"]
[WhiteElo "2418"]
[BlackElo "2565"]

1.e4 d6 2.d4 Nf6 3.Nc3 e5 4.Nf3 Nbd7 5.Bc4 Be7 6.O-O O-O 7.Re1 c6 8.a4 a5
9.Ba2 h6 10.Qd3 exd4 11.Nxd4 Ne5 12.Qf1 Re8 13.h3 Bf8  1/2-1/2

[Event "Politiken Cup 2013"]
[Site "Helsingor DEN"]
[Date "2013.07.31"]
[Round "6.25"]
[White "Royset,P"]
[Black "Argandona Riveiro,I"]
[Result "0-1"]
[WhiteElo "2170"]
[BlackElo "2388"]

1.e4 d6 2.d4 Nf6 3.Nc3 e5 4.dxe5 dxe5 5.Qxd8+ Kxd8 6.Bg5 Be6 7.O-O-O+ Nd7
8.Nf3 Bd6 9.Nb5 Ke7 10.Nd2 h6 11.Bh4 g5 12.Bg3 Rhc8 13.f3 a6 14.Nc3 b5 15.Bf2 c6
16.h4 a5 17.a4 b4 18.Ncb1 Bc5 19.Bxc5+ Nxc5 20.b3 Rd8 21.hxg5 hxg5 22.Nc4 Bxc4
23.Rxd8 Rxd8 24.Bxc4 Nb7 25.Nd2 Nd6 26.Bd3 Rg8 27.Kd1 Nd7 28.Nf1 Nf8 29.Ne3 Ng6
30.Ke2 Kf6 31.Bc4 Ke7 32.Kf2 Nf8 33.Rh6 Rg6 34.Rh8 Rg7 35.Kg3 Rh7 36.Rxh7 Nxh7
37.Kg4 Kf6 38.Kh5 Kg7 39.Ng4 f6 40.Ne3 Nf8 41.g3 Nd7 42.Be6 Nb6 43.Kg4 Kf8
44.Nf5 Nxf5 45.Kxf5 Ke7 46.Bg8 Nc8 47.Kg6 Nd6 48.Bc4 g4 49.Be2 c5 50.Kh5 gxf3
51.Bxf3 c4 52.g4 c3 53.g5 fxg5 54.Kxg5 Nc4 55.Be2 Nd2 56.Bd1 Kd6 57.Kf5 Nf1  0-1

[Event "5th Rethymno Open"]
[Site "Rethymno GRE"]
[Date "2013.07.31"]
[Round "5.15"]
[White "Post,Maa"]
[Black "Harestad,H"]
[Result "0-1"]
[WhiteElo "1936"]
[BlackElo "2318"]

1.e4 d6 2.d4 Nf6 3.Nc3 e5 4.dxe5 dxe5 5.Qxd8+ Kxd8 6.Nf3 Bd6 7.Bg5 c6 8.O-O-O Ke7
9.Bc4 Bc7 10.a4 Nd7 11.h3 a6 12.Nd2 Bb6 13.Rhf1 h6 14.Bh4 g5 15.Bg3 Nh5 16.Ne2 Ba5
17.c3 b5 18.axb5 axb5 19.Bd3 Bc7 20.Bh2 Nc5 21.Bg1 Nf4 22.Nxf4 gxf4 23.Nf3 Be6
24.Bc2 Ra1+ 25.Kd2 Rd8+ 26.Ke1 Rdxd1+  0-1

[Event "Politiken Cup 2013"]
[Site "Helsingor DEN"]
[Date "2013.08.01"]
[Round "7.31"]
[White "Skjoldager,F"]
[Black "Marthedal,Anton Mehmet Yildiz"]
[Result "1-0"]
[WhiteElo "1979"]
[BlackElo "1644"]

1.e4 d6 2.d4 Nf6 3.Nc3 Nbd7 4.Be3 e5 5.f3 Be7 6.Qd2 c6 7.Bd3 Qc7 8.Nge2 Nf8
9.Ng3 Ng6 10.O-O-O Be6 11.Kb1 O-O 12.h4 h5 13.Nf5 Rfd8 14.g4 d5 15.g5 exd4
16.Nxd4 Ne8 17.Nxe6 fxe6 18.exd5 Ne5 19.Bf4 exd5 20.Qe2 Bd6 21.Bf5 Kh8 22.Bxe5 Bxe5
23.f4 Bxc3 24.Qxh5+ Kg8 25.bxc3 Qb6+ 26.Ka1 Qe3 27.Rd3 Qe7 28.Qh7+ Kf8 29.Bg6 Qe6
30.f5 Qg8 31.Qh5 Nd6 32.f6 Rd7 33.Rf1 gxf6 34.gxf6 Rad8 35.Qh6+  1-0

[Event "114th US Open"]
[Site "Middleton USA"]
[Date "2013.08.01"]
[Round "5"]
[White "Ivanov,AV USA"]
[Black "Hungaski,R"]
[Result "1/2-1/2"]
[WhiteElo "2522"]
[BlackElo "2471"]

1.e4 d6 2.d4 Nf6 3.Nc3 e5 4.Nf3 Nbd7 5.Bc4 Be7 6.O-O O-O 7.Re1 c6 8.a4 a5
9.h3 exd4 10.Nxd4 Nc5 11.Bf4 Be6 12.Nxe6 fxe6 13.e5 Ne8 14.exd6 Rxf4 15.dxe7 Qxe7
16.Qe2 Nc7 17.g3 Rd4 18.Rad1 Rad8 19.b3 Qf6 20.Rxd4 Rxd4 21.Nd1 Rd8 22.Ne3 Nd5
23.Ng4 Qd4 24.Qe5 Qxe5 25.Rxe5 Kf7 26.h4 Nd7 27.Re1 Rb8 28.Ne5+ Nxe5 29.Rxe5 Kf6
30.f4 b5 31.axb5 cxb5 32.Bxd5 exd5 33.Rxd5 a4 34.bxa4 bxa4 35.Ra5 Rc8 36.Rxa4 Rxc2
37.Ra5 h6 38.Kf1 Rb2 39.Ra6+ Kf5 40.h5 Kg4 41.Rg6+ Kf3 42.Ke1 Re2+ 43.Kd1 Rh2
44.Rxg7 Rxh5 45.Kd2 Rd5+ 46.Kc3 h5 47.Rg5 Rd8 48.f5 Ke4 49.Rxh5 Rd3+ 50.Kc4  1/2-1/2

[Event "9th Tabor Open 2013"]
[Site "Tabor CZE"]
[Date "2013.08.01"]
[Round "6.5"]
[White "Kubin,P"]
[Black "Pribyl,Jo"]
[Result "0-1"]
[WhiteElo "2036"]
[BlackElo "2318"]

1.e4 d6 2.d4 Nf6 3.Nc3 e5 4.Nf3 Nbd7 5.Bc4 Be7 6.O-O O-O 7.Re1 c6 8.a4 b6
9.d5 c5 10.a5 bxa5 11.Bd2 Nb6 12.Bf1 Bd7 13.Rxa5 Nc4 14.Ra2 Nxd2 15.Nxd2 Ne8
16.Bb5 Bxb5 17.Nxb5 a6 18.Qa1 Qb6 19.Nc3 Nc7 20.Nc4 Qb8 21.Na5 f5 22.f3 Qe8
23.Nc4 f4 24.Qd1 Rf6 25.Kf2 Rh6 26.Rh1 Kh8 27.Ra1 Qh5 28.Ke2 Rg6 29.Qf1 Rf8
30.Ra3 Rb8 31.Kd3 Rg5 32.Ra2 Qe8 33.Rg1 Rb4 34.Qa1 Qh5 35.Qf1 Qxh2 36.Ra4 Rb8
37.Ra3 Qh5 38.Rh1 Qg6 39.Rh2 Kg8 40.Qh1 h6 41.Kd2 Qe8 42.Ne2 Rb4 43.b3 Bf8
44.Nc1 Rb8 45.Nd3 Qc8 46.Qa1 Qb7 47.Na5 Qb5 48.Nc6 Ra8 49.Nb2 Qb7 50.Nc4 Nb5
51.Ra2 Nd4 52.Nxd4 cxd4 53.Ra4 Rg6 54.Qa3 Qe7 55.Rxa6 Rxa6 56.Qxa6 Qg5 57.Qa1 Qg3
58.Qg1 Qxf3 59.gxf3 Rxg1 60.c3 Rf1 61.Rh3 dxc3+ 62.Kxc3 Kf7 63.Kb4 g5 64.Kb5 Kg6
65.b4 h5 66.Kb6 Rc1 67.Na5 g4 68.fxg4 hxg4 69.Rh8 Bg7 70.Rd8 g3 71.Rxd6+ Kh5
72.Rc6 Rb1 73.d6 g2 74.d7 Rd1 75.Kc7 g1=Q 76.b5 Qa7+ 77.Nb7 Rxd7+ 78.Kxd7 Qxb7+  0-1

[Event "Charleroi Open 2013"]
[Site "Charleroi BEL"]
[Date "2013.08.02"]
[Round "8.8"]
[White "Verspecht,T"]
[Black "Okhotnik,V"]
[Result "0-1"]
[WhiteElo "2051"]
[BlackElo "2403"]

1.d4 d6 2.e4 Nf6 3.Nc3 e5 4.dxe5 dxe5 5.Qxd8+ Kxd8 6.Bg5 Be6 7.O-O-O+ Nd7
8.Nf3 Kc8 9.Bxf6 gxf6 10.Nh4 c6 11.Nf5 Kc7 12.Be2 b5 13.a3 a5 14.Ne3 Nc5
15.Bd3 b4 16.Nb1 Bh6 17.Kd2 Rhg8 18.Rhg1 Rgb8 19.Ke2 bxa3 20.bxa3 Na4 21.Nc4 Bxc4
22.Bxc4 Nb2  0-1

[Event "9th Ribeira Valley Open 2013"]
[Site "Registro BRA"]
[Date "2013.08.02"]
[Round "7.23"]
[White "Maranhao,Jose Renato Ruiz"]
[Black "Santa Isabel,Marivaldo dos Reis"]
[Result "1-0"]
[WhiteElo "2024"]
[BlackElo "1742"]

1.e4 d6 2.d4 Nf6 3.Nc3 Nbd7 4.Nf3 g6 5.e5 dxe5 6.dxe5 Ng4 7.Bf4 Bg7 8.Qe2 h5
9.Rd1 e6 10.Bg5 f6 11.exf6 Bxf6 12.Qxe6+ Qe7 13.Qxe7+ Kxe7 14.Nd5+ Kf7 15.Nxc7 Rb8
16.Bc4+ Kg7 17.Ne6+ Kh7 18.Bxf6 Ngxf6 19.Nfg5+ Kh6 20.Nf7+ Kh7 21.Neg5+ Kg7
22.Nxh8 Kxh8 23.O-O Ne5 24.Rd8+ Kg7 25.Be6 Ned7  1-0

[Event "14th ch-EUR Ind w"]
[Site "Belgrade SRB"]
[Date "2013.08.03"]
[Round "11.77"]
[White "Nikolovska,D"]
[Black "Khropova,L"]
[Result "1-0"]
[WhiteElo "1848"]
[BlackElo "1987"]

1.e4 d6 2.d4 Nf6 3.Nc3 Nbd7 4.Nf3 e5 5.g4 Nxg4 6.Rg1 Ngf6 7.Bc4 h6 8.Be3 c6
9.dxe5 dxe5 10.Qd3 Qc7 11.O-O-O a6 12.Bb3 b5 13.Nh4 g6 14.f4 Bb7 15.fxe5 Qxe5
16.Bxf7+ Kxf7 17.Nxg6 Qe6 18.Nxh8+ Ke8 19.Ng6 Bg7 20.Nf4 Qe7 21.Rxg7 Qxg7
22.Ne6 Qg6 23.Nc7+ Kf7 24.Nxa8 Bxa8 25.Qd6 Qh5 26.Bf4 Qf3 27.Bxh6 Qh5 28.Qf4 Ke8
29.Bg5 Nh7 30.h4 b4 31.Na4 c5 32.Qf5 Nhf8 33.Nxc5 Bc6 34.Nxd7  1-0

[Event "14th ch-EUR Ind w"]
[Site "Belgrade SRB"]
[Date "2013.08.03"]
[Round "11.83"]
[White "Mahmutbegovic,N"]
[Black "Velickovski Nejkovic,M"]
[Result "1-0"]
[WhiteElo "1800"]
[BlackElo "2083"]

1.e4 d6 2.d4 Nf6 3.Nc3 Nbd7 4.Nge2 e5 5.g3 c6 6.Bg2 Be7 7.O-O O-O 8.h3 b5
9.b3 Rb8 10.Be3 Qc7 11.g4 b4 12.Na4 Ba6 13.Re1 Bb5 14.Nb2 c5 15.d5 Nb6 16.Ng3 Rfe8
17.Nd3 a5 18.f4 c4 19.Nf2 exf4 20.Bxf4 Bf8 21.g5 Nfd7 22.Ng4 Ne5 23.Nxe5 dxe5
24.Be3 Bd7 25.Qf3 Bc5 26.Rf1 Rf8 27.Nh5 Nxd5 28.exd5 e4 29.Qf2 Bd6 30.Qh4 f5
31.gxf6 g6 32.f7+ Rxf7 33.Rxf7 Be5 34.Raf1 gxh5 35.Qg5+  1-0